Villes de Savoie en images - Statistiques

Statistiques générales
  • Ce quiz a été pris 206 fois
  • Le résultat moyen est 10 sur 18
Statistiques - réponses
Par images Hint Réponse % Correct
C Chambéry
97%
B Beaufort
86%
A Albertville
85%
A Aix-les-Bains
81%
C Courchevel
81%
(L) P La Plagne-Tarentaise
80%
T Tignes
61%
(L) B Le Bourget-du-Lac
60%
V Val-d'Isère
58%
B Bourg-Saint-Maurice
57%
M Méribel
54%
V Val Thorens
53%
S Saint-Jean-de-Maurienne
49%
V Valloire
37%
V Val-Cenis
33%
M Modane
31%
S Saint-Michel-de-Maurienne
21%
F Flumet
6%
Aucun quiz correspondant
Distribution des résultats
% des personnes avec chaque résultat
Percentile par nombre de réponses
Votre historique - résultats
Vous n’avez pas pris ce quiz